Kabale University Library Catalogue

A university grammar of English / (Record no. 5902)

MARC details
000 -LEADER
fixed length control field 00981cam a2200289 i 4500
005 - DATE AND TIME OF LATEST TRANSACTION
control field 20260129131719.0
008 - FIXED-LENGTH DATA ELEMENTS--GENERAL INFORMATION
fixed length control field 741218r1973 enk b 001 0 eng
020 ## - INTERNATIONAL STANDARD BOOK NUMBER
International Standard Book Number 0582026407
020 ## - INTERNATIONAL STANDARD BOOK NUMBER
International Standard Book Number 9780582552074
035 ## - SYSTEM CONTROL NUMBER
System control number 2211981
040 ## - CATALOGING SOURCE
Original cataloging agency KABLIB
Transcribing agency KABLIB
Description conventions rda
082 00 - DEWEY DECIMAL CLASSIFICATION NUMBER
Classification number 425.045
Edition number 23
Item number QUI
100 1# - MAIN ENTRY--PERSONAL NAME
Personal name Quirk, Randolph.
9 (RLIN) 14893
240 10 - UNIFORM TITLE
Uniform title Concise grammar of contemporary English
245 12 - TITLE STATEMENT
Title A university grammar of English /
Statement of responsibility, etc. [by] Randolph Quirk, Sidney Greenbaum.
260 ## - PUBLICATION, DISTRIBUTION, ETC.
Place of publication, distribution, etc. [Harlow] :
Name of publisher, distributor, etc. Longman,
Date of publication, distribution, etc. 1973.
300 ## - PHYSICAL DESCRIPTION
Extent xi, 484 p. ;
Dimensions 23 cm.
336 ## - CONTENT TYPE
Source rda
500 ## - GENERAL NOTE
General note "A University Grammar of English by Randolph Quirk [et al.]"
500 ## - GENERAL NOTE
General note Includes index.
504 ## - BIBLIOGRAPHY, ETC. NOTE
Bibliography, etc. note Bibliography: p. [462]-464.
650 #0 - SUBJECT ADDED ENTRY--TOPICAL TERM
Topical term or geographic name entry element English language
General subdivision Grammar.
700 1# - ADDED ENTRY--PERSONAL NAME
Personal name Greenbaum, Sidney,
Relator term joint author.
9 (RLIN) 14894
906 ## - LOCAL DATA ELEMENT F, LDF (RLIN)
a 7
b cbc
c orignew
d 3
e ncip
f 19
g y-gencatlg
942 ## - ADDED ENTRY ELEMENTS (KOHA)
Source of classification or shelving scheme Dewey Decimal Classification
Koha item type Book
Holdings
Withdrawn status Lost status Source of classification or shelving scheme Damaged status Not for loan Home library Current library Shelving location Date acquired Source of acquisition Total Checkouts Full call number Barcode Date last seen Price effective from Koha item type
    Dewey Decimal Classification     Mukombe Library Mukombe Library Open Access Section 29.01.2026 Donation   425.045 QUI 14410 29.01.2026 29.01.2026 Book

Kabale University Library | Kabale University P.O Box 317, Kabale, Uganda
Tel : +256754017033, +256774661503 E-mail : library@kab.ac.ug